| 000 | 00437nam a22001697a 4500 | ||
|---|---|---|---|
| 003 | NUST - PNEC | ||
| 005 | 20170116180833.0 | ||
| 008 | 150803b xxu||||| |||| 00| 0 eng d | ||
| 020 | _a8131705315 | ||
| 040 | _cLIBRARY | ||
| 082 | _a515.2433 RAO | ||
| 100 |
_94775 _aRao, Raghuveer M |
||
| 245 |
_aWavelet transforms _cRaghuveer M. Rao |
||
| 260 | _cc 1998 | ||
| 650 |
_94776 _aSignal processing--Mathematics _xMath |
||
| 942 |
_2ddc _cBK |
||
| 999 |
_c64101 _d64101 |
||